00679nam a2200205Ia 4500003000900000008004100009020001800050040001600068080002100084100002800105245005100133260004300184300001500227650002600242650003000268650004900298942000700347999001500354952010400369IN-BaIIA211028s9999 xx 000 0 eng d a0-86008-105-2 cIIA Library a524.1:523.9bSAK aSakurai, Kunitomo98580 0aPhysics of solar cosmic rayscKunitomo Sakurai aTokyobUniversity of Tokyo Pressc1974 axiv, 428p. a Cosmic rays 98581 a Solar cosmic rays98582 aAstronomy and astrophysics thesaurus 91143 cBK c4820d4820 00104070aBANbBANcGENd1976-03-15l0o524.1:523.9/ SAKp5395r2021-11-05w1976-03-15yBK 39.50